000 00305 a2200133 4500
000 nam a22 7a 4500
100 _aviswas
110 _aviswas
245 _aAnimal Behaviour
250 _alatest edition
260 _bRajat Publications
_c2026
264 _bRajat Publications
_c2026
942 _cBK
999 _c395219
_d395219